| Tag |
First Indicator |
Second Indicator |
Subfields |
| LEADER |
00000cgm a2200000Mi 4500 |
| 001 |
in00005582613 |
| 006 |
m o c |
| 007 |
cr |n||||||||a |
| 007 |
vz |za|z| |
| 008 |
170526s1995 nju088 e o vleng d |
| 005 |
20241201232818.6 |
| 035 |
|
|
|a (OCoLC)ocn989802009
|
| 040 |
|
|
|a ALSTP
|b eng
|e rda
|e pn
|c ALSTP
|d OCLCO
|d OCLCF
|d OCLCQ
|d OCLCO
|d CAUOI
|d OCLCA
|d WYU
|d S9I
|d UPM
|d OCLCO
|d OCLCQ
|d OCLCL
|d DXU
|d OCLCO
|
| 019 |
|
|
|a 1444004332
|
| 035 |
|
|
|a (OCoLC)989802009
|z (OCoLC)1444004332
|
| 043 |
|
|
|a n-us-ia
|
| 082 |
0 |
4 |
|a 338.1/3
|q OCoLC
|2 22/eng/20230216
|
| 049 |
|
|
|a TXAM
|
| 245 |
0 |
0 |
|a Troublesome Creek :
|b a midwestern /
|c by Jeanne Jordan & Steve Ascher ; produced, directed and written by Jeanne Jordan & Steven Ascher ; a production of West City Films, Inc.
|
| 264 |
|
1 |
|a Warren, NJ :
|b Passion River Films,
|c 1995.
|
| 300 |
|
|
|a 1 online resource (88 min.)
|
| 306 |
|
|
|a 012747
|
| 336 |
|
|
|a two-dimensional moving image
|b tdi
|2 rdacontent
|
| 337 |
|
|
|a computer
|b c
|2 rdamedia
|
| 337 |
|
|
|a video
|b v
|2 rdamedia
|
| 338 |
|
|
|a online resource
|b cr
|2 rdacarrier
|
| 347 |
|
|
|a data file
|2 rda
|
| 380 |
|
|
|a Videorecording
|
| 490 |
0 |
|
|a Academic Video Online
|
| 500 |
|
|
|a Title from resource description page (viewed May 26, 2017).
|
| 520 |
|
|
|a High Noon, Gunsmoke -- Westerns, where bad guys threatened but never prevailed. Troublesome Creek, a Midwestern, is the Oscar-nominated story of the Jordan family's gamble to save their Iowa farm. From fighting the Crooked Creek Gang in 1867 to fighting off the bank today, a Sundance Grand Jury Prize winning cliffhanger about history, humor and the settling and unsettling of America.
|
| 546 |
|
|
|a In English.
|
| 586 |
|
|
|a Nominated 1996 Academy Awards, Best Documentary, Features
|
| 586 |
|
|
|a Won 1996 Sundance Film Festival Audience Award, Documentary
|
| 586 |
|
|
|a Won 1996 Sundance Film Festival Grand Jury Prize, Documentary
|
| 650 |
|
0 |
|a Family farms
|z Iowa
|x Finance.
|
| 650 |
|
0 |
|a Farmers
|z Iowa.
|
| 651 |
|
0 |
|a United States
|x Economic conditions
|y 1981-2001.
|
| 650 |
|
6 |
|a Agriculteurs
|z Iowa.
|
| 651 |
|
6 |
|a États-Unis
|x Conditions économiques
|y 1981-2001.
|
| 650 |
|
7 |
|a Economic history
|2 fast
|
| 650 |
|
7 |
|a Family farms
|x Finance
|2 fast
|
| 650 |
|
7 |
|a Farmers
|2 fast
|
| 651 |
|
7 |
|a Iowa
|2 fast
|1 https://id.oclc.org/worldcat/entity/E39PBJhd6cy3VYJYQHXFgQr6rq
|
| 651 |
|
7 |
|a United States
|2 fast
|1 https://id.oclc.org/worldcat/entity/E39PBJtxgQXMWqmjMjjwXRHgrq
|
| 648 |
|
7 |
|a 1981-2001
|2 fast
|
| 655 |
|
7 |
|a documentary film.
|2 aat
|
| 655 |
|
7 |
|a Biographical films
|2 fast
|
| 655 |
|
7 |
|a Documentary films
|2 fast
|
| 655 |
|
7 |
|a Feature films
|2 fast
|
| 655 |
|
7 |
|a Documentary films.
|2 lcgft
|
| 655 |
|
7 |
|a Feature films.
|2 lcgft
|
| 655 |
|
7 |
|a Biographical films.
|2 lcgft
|
| 655 |
|
7 |
|a Documentaires.
|2 rvmgf
|
| 655 |
|
7 |
|a Films biographiques.
|2 rvmgf
|
| 700 |
1 |
|
|a Jordan, Jeanne,
|e director,
|e producer,
|e screenwriter.
|
| 700 |
1 |
|
|a Ascher, Steven,
|e director,
|e producer,
|e screenwriter.
|
| 710 |
2 |
|
|a West City Films,
|e production company.
|
| 776 |
0 |
8 |
|i Original version:
|w (OCoLC)910882637
|
| 856 |
4 |
0 |
|u http://proxy.library.tamu.edu/login?url=https://www.aspresolver.com/aspresolver.asp?MARC;3409499
|z Connect to this streaming video (Alexander Street Press)
|t 0
|
| 955 |
|
|
|a Alexander Street Press subscription streaming video
|
| 994 |
|
|
|a 92
|b TXA
|
| 999 |
f |
f |
|s 10440111-6867-49be-aac3-86864740ea6c
|i 8d7affbd-327c-4a7d-b0f7-ea9fa08170dc
|t 0
|
| 952 |
f |
f |
|a Texas A&M University
|b College Station
|c Electronic Resources
|d Available Online
|t 0
|h Library of Congress classification
|
| 998 |
f |
f |
|t 0
|l Available Online
|